Cardigan - Taylor Swift (All Lyrics) - Statistics

General Stats
  • This quiz has been taken 16,043 times
  • The average score is 277 of 338
Answer Stats
Answer % Correct
a
99%
A
99%
you
99%
You
99%
I
98%
on
97%
the
96%
when
96%
When
96%
an
94%
your
94%
are
93%
knew
93%
know
93%
me
93%
they
93%
and
92%
And
92%
cardigan
92%
nothing
92%
young
92%
assume
91%
be
91%
But
91%
like
91%
was
91%
in
90%
under
90%
my
88%
to
88%
To
88%
we
88%
old
87%
put
87%
bed
86%
favorite
86%
said
86%
high
85%
High
85%
new
85%
all
84%
brand
84%
kiss
84%
someone's
84%
Vintage
84%
heels
83%
phone
83%
tee
82%
felt
81%
around
79%
I'm
77%
cobblestone
76%
now
76%
scars
76%
bleeding
75%
Dancin
75%
drew
75%
stars
75%
is
74%
Drunk
73%
Levis
73%
one
73%
friend
72%
streetlight
72%
bars
71%
cars
71%
it
71%
needed
71%
downtown
70%
none
70%
Cause
69%
politics
69%
water
69%
better
68%
girls
68%
lose
68%
two
68%
baby
67%
lipstick
67%
black
66%
father
66%
Line
66%
line
66%
once
66%
Running
65%
you'd
65%
You'd
65%
Hand
64%
sensual
64%
Chase
63%
Leavin
63%
Peter
63%
sweatshirt
62%
Wendy
62%
losing
61%
smile
59%
twenty
59%
back
58%
lifetimes
58%
of
58%
tattoo
58%
come
57%
everything
56%
long
55%
haunt
52%
ending
51%
giving
51%
change
50%
standin
50%
for
49%
last
49%
linger
49%
Sequin
49%
smell
49%
time
49%
bloodstain
48%
heartbeat
48%
hide
48%
this
48%
weekends
48%
what-ifs
48%
would
48%
miss
47%
playing
47%
seek
47%
smoke
47%
front
46%
longest
46%
porch
46%
train
46%
Chasing
45%
curse
45%
grocery
45%
hang
45%
I'd
45%
shadows
44%
expired
43%
marked
43%
Tried
43%
light
41%
thrill
41%
Steppin
38%
No matching quizzes found
Score Distribution
Percent of People with Each Score
Percentile by Number Answered
Your Score History
You have not taken this quiz